Joueurs français dans le TOP 500 - Statistiques

Statistiques générales
  • Ce quiz a été pris 65 fois
  • Le résultat moyen est 14 sur 51
Statistiques - réponses
Questions Réponse % Correct
70 Monfils
93%
35 Fils
84%
17 Mannarino
79%
21 Humbert
74%
88 Gaston
65%
130 Gasquet
63%
83 Cazaux
60%
112 Paire
60%
68 Van Assche
51%
93 Rinderknech
49%
220 Marie
46%
145 Moutet
46%
71 Muller
46%
126 Bonzi
39%
100 Halys
39%
315 Pouille
39%
167 Herbert
35%
106 Lestienne
33%
196 Mpetshi Perricard
32%
143 Atmane
30%
144 Mayot
26%
214 Blanchet
23%
162 Droguet
21%
151 Grenier
21%
104 Barrére
19%
226 Hémery
18%
262 Blancaneaux
16%
326 Debru
16%
193 Jacquet
16%
463 Gea
14%
316 Lokoli
14%
428 Chidekh
12%
240 Couacaud
12%
172 Escoffier
12%
488 de Schepper
11%
260 Janvier
11%
239 Martineau
11%
256 Bourgue
9%
251 Poullain
9%
250 Royer
9%
476 Bertrand
7%
417 Chazal
7%
335 Erhard
7%
446 Gueymard Wayenburg
7%
365 Weber
7%
300 Added
5%
277 Guinard
5%
295 Lamasine
5%
229 Tabur
5%
447 Furness
4%
383 Gautier
2%
Aucun quiz correspondant
Distribution des résultats
% des personnes avec chaque résultat
Percentile par nombre de réponses
Votre historique - résultats
Vous n’avez pas pris ce quiz